Pink Floyd : Albums Studio - Statistiques

Statistiques générales
  • Ce quiz a été pris 466 fois
  • Le résultat moyen est 10 sur 15
Statistiques - réponses
Date Album % Correct
1973 The Dark Side of the Moon
98%
1979 The Wall
97%
1977 Animals
88%
1975 Wish You Were Here
85%
1971 Meddle
71%
1994 The Division Bell
70%
1970 Atom Heart Mother
68%
1983 The Final Cut
61%
1969 Ummagumma (part 2)
57%
2014 The Endless River
49%
1968 A Saucerful of Secrets
46%
1969 More
46%
1987 A Momentary Lapse of Reason
41%
1967 The Piper at the Gates of Dawn
40%
1972 Obscured by Clouds
38%
Aucun quiz correspondant
Distribution des résultats
% des personnes avec chaque résultat
Percentile par nombre de réponses
Votre historique - résultats
Vous n’avez pas pris ce quiz